[Event "EU-ch U14 Girls"]
[Site "Batumi"]
[Date "2010.09.28"]
[Round "9"]
[White "Liparteliani, Ana"]
[Black "Cazacu, Gabriela"]
[Result "0-1"]
[WhiteElo "1596"]
[BlackElo "1630"]
[PlyCount "46"]
[EventDate "2010.09.20"]
[EventType "swiss"]
[EventRounds "9"]
[EventCountry "GEO"]
[SourceTitle "CBM 138 Extra"]
[Source "ChessBase"]
[SourceDate "2010.10.29"]
[SourceVersion "1"]
[SourceVersionDate "2010.10.29"]
[SourceQuality "1"]

1. d4 Nf6 2. c4 c5 3. d5 b5 4. b3 bxc4 5. bxc4 g6 6. Nd2 Bg7 7. Bb2 0-0 8. e4 d6 9. Bd3 Nbd7 10. f4 Rb8 11. Qc2 Rxb2 12. Qxb2 Nxe4 13. Qc1 Nxd2 14. Kxd2 Qa5+ 15. Ke2 Bxa1 16. Qxa1 Nf6 17. Nf3 Ba6 18. Nd2 Qa3 19. Rb1 Nxd5 20. Rb3 Nxf4+ 21. Kf3 Qa5 22. Qe1 Nxd3 23. Rxd3 Bxc4 0-1

[Event "EU-ch U14 Girls"]
[Site "Batumi"]
[Date "2010.09.20"]
[Round "1"]
[White "Liparteliani, Ana"]
[Black "Bellaiche, Elise"]
[Result "0-1"]
[WhiteElo "1596"]
[BlackElo "1891"]
[PlyCount "110"]
[EventDate "2010.09.20"]
[EventType "swiss"]
[EventRounds "9"]
[EventCountry "GEO"]
[SourceTitle "CBM 138 Extra"]
[Source "ChessBase"]
[SourceDate "2010.10.29"]
[SourceVersion "1"]
[SourceVersionDate "2010.10.29"]
[SourceQuality "1"]

1. d4 d5 2. c4 c6 3. Nc3 Nf6 4. Nf3 dxc4 5. e3 b5 6. a4 b4 7. Na2 e6 8. Bxc4 a5 9. b3 Be7 10. 0-0 Nbd7 11. Bb2 Bb7 12. Nc1 0-0 13. Nd3 Ne4 14. Nfe5 Nxe5 15. Nxe5 Bd6 16. Bd3 Bxe5 17. dxe5 Qd5 18. Qc2 Nc5 19. Bc4 Qe4 20. Qxe4 Nxe4 21. Rfd1 Rfd8 22. Bd3 Nc5 23. Bc2 Ba6 24. Bd4 Nd7 25. Be4 Rac8 26. Rac1 c5 27. Ba1 Nb6 28. h3 g6 29. Rd6 Rxd6 30. exd6 Kf8 31. Rd1 Nd7 32. f4 Ke8 33. g4 c4 34. bxc4 Rxc4 35. Bd3 Rc6 36. Be4 Rc8 37. f5 Nc5 38. fxe6 fxe6 39. Bg2 Kd7 40. Be5 Nb3 41. Bf3 Rc1 42. Kf2 Rxd1 43. Bxd1 Nc5 44. Kf3 Bb7+ 45. Ke2 Bc6 46. Kd2 Bxa4 47. Bxa4+ Nxa4 48. Kc2 Nc5 49. h4 a4 50. h5 a3 51. h6 b3+ 52. Kc3 b2 53. Kc2 Ne4 54. Bg7 Nxd6 55. Bf8 Nc4 0-1

[Event "Tbilisi Chiburdanidze Cup"]
[Site "Tbilisi"]
[Date "2009.06.12"]
[Round "8"]
[White "Tandashvili, Margalita"]
[Black "Liparteliani, Ana"]
[Result "1-0"]
[WhiteElo "2055"]
[BlackElo "1562"]
[PlyCount "51"]
[EventDate "2009.06.05"]
[EventType "swiss"]
[EventRounds "9"]
[EventCountry "GEO"]
[SourceTitle "CBM 130 Extra"]
[Source "ChessBase"]
[SourceDate "2009.07.02"]
[SourceVersion "2"]
[SourceVersionDate "2009.07.15"]
[SourceQuality "1"]

1. e4 c5 2. Nf3 e6 3. d4 cxd4 4. Nxd4 a6 5. a4 Qc7 6. Bd3 Bc5 7. Nb3 b6 8. 0-0 Bb7 9. a5 Nf6 10. axb6 Bxb6 11. Qe2 0-0 12. Kh1 a5 13. Nc3 Nc6 14. f4 d6 15. Nb5 Qb8 16. c3 Rd8 17. Nd2 e5 18. Nc4 d5 19. Nxb6 dxe4 20. Bc4 Ra6 21. Na4 Nd4 22. cxd4 exd4 23. Nxd4 Rxd4 24. Bxa6 Bxa6 25. Qxa6 Qe8 26. Nc3 1-0

[Event "Tbilisi Chiburdanidze Cup"]
[Site "Tbilisi"]
[Date "2009.06.10"]
[Round "6"]
[White "Tqeshelashvili, Sopio"]
[Black "Liparteliani, Ana"]
[Result "1-0"]
[WhiteElo "2276"]
[BlackElo "1562"]
[PlyCount "55"]
[EventDate "2009.06.05"]
[EventType "swiss"]
[EventRounds "9"]
[EventCountry "GEO"]
[SourceTitle "CBM 130 Extra"]
[Source "ChessBase"]
[SourceDate "2009.07.02"]
[SourceVersion "2"]
[SourceVersionDate "2009.07.15"]
[SourceQuality "1"]

1. e4 c5 2. Nf3 e6 3. d3 a6 4. g3 Nc6 5. Bg2 Be7 6. 0-0 d6 7. c3 Nf6 8. Nbd2 0-0 9. Qe2 Nd7 10. d4 d5 11. e5 b5 12. Rd1 c4 13. Ne1 b4 14. Nxc4 bxc3 15. bxc3 Nb6 16. Ne3 Na5 17. Nd3 Qc7 18. Bd2 Bd7 19. Nf4 Bb5 20. Qg4 Rfe8 21. Nh5 g6 22. Nf6+ Bxf6 23. exf6 Qd6 24. Qh4 h5 25. g4 Be2 26. Re1 Bxg4 27. Nxg4 hxg4 28. Bh6 1-0

[Event "Tbilisi Chiburdanidze Cup"]
[Site "Tbilisi"]
[Date "2009.06.07"]
[Round "3"]
[White "Liparteliani, Ana"]
[Black "Kobeshavidze, Lika"]
[Result "0-1"]
[WhiteElo "1562"]
[BlackElo "1803"]
[PlyCount "96"]
[EventDate "2009.06.05"]
[EventType "swiss"]
[EventRounds "9"]
[EventCountry "GEO"]
[SourceTitle "CBM 130 Extra"]
[Source "ChessBase"]
[SourceDate "2009.07.02"]
[SourceVersion "2"]
[SourceVersionDate "2009.07.15"]
[SourceQuality "1"]

1. c4 e5 2. Nc3 d6 3. g3 g6 4. Bg2 Bg7 5. e3 Ne7 6. Nge2 0-0 7. 0-0 Nbc6 8. a3 Be6 9. d3 Qd7 10. Nd5 f5 11. f4 Rab8 12. Rb1 Nd8 13. Bd2 c6 14. Nxe7+ Qxe7 15. Bc3 Nf7 16. Bb4 Bd7 17. Re1 c5 18. Bc3 Bc6 19. e4 Qd7 20. Bh3 Nh6 21. b4 b6 22. b5 Bb7 23. Qc1 Qc7 24. Bg2 Rbe8 25. h3 Kh8 26. Bd2 Ng8 27. Nc3 Qf7 28. Nd5 Bxd5 29. cxd5 Nf6 30. fxe5 dxe5 31. Rf1 Nh5 32. Kh2 Qc7 33. Bf3 f4 34. Bxh5 gxh5 35. Qd1 Qf7 36. gxf4 exf4 37. Bxf4 Qg6 38. Rg1 Qf6 39. Bg3 h4 40. Be1 Qf4+ 41. Kh1 Qe3 42. Qg4 Bd4 43. d6 Rg8 44. d7 Qxg1+ 45. Qxg1 Rxg1+ 46. Kh2 Reg8 47. d8Q Rxd8 48. Bxh4 Rxb1 0-1

[Event "Tbilisi Chiburdanidze Cup"]
[Site "Tbilisi"]
[Date "2009.06.06"]
[Round "2"]
[White "Macharashvili, Tekla"]
[Black "Liparteliani, Ana"]
[Result "1-0"]
[WhiteElo "1786"]
[BlackElo "1562"]
[PlyCount "72"]
[EventDate "2009.06.05"]
[EventType "swiss"]
[EventRounds "9"]
[EventCountry "GEO"]
[SourceTitle "CBM 130 Extra"]
[Source "ChessBase"]
[SourceDate "2009.07.02"]
[SourceVersion "2"]
[SourceVersionDate "2009.07.15"]
[SourceQuality "1"]

1. e4 c5 2. Nf3 d6 3. d4 cxd4 4. Nxd4 Nf6 5. Nc3 a6 6. Be2 Nc6 7. Be3 e6 8. 0-0 Be7 9. Kh1 0-0 10. f4 d5 11. e5 Nd7 12. Rf3 Bc5 13. Rh3 Qe7 14. Bd3 g6 15. Nce2 f6 16. exf6 Qxf6 17. c3 e5 18. fxe5 Ndxe5 19. Rg3 Ng4 20. Bg1 Nge5 21. Qb3 Qd6 22. Be4 Nc4 23. Bf3 N6e5 24. Rd1 Nxf3 25. Nxf3 Bf5 26. Nh4 Be4 27. Rg5 b5 28. a3 Na5 29. Qa2 Bxg1 30. Rxg1 Qe7 31. Rg4 Kg7 32. Ng3 Qd7 33. h3 Rae8 34. Rd1 Qe7 35. Nxe4 dxe4 36. Qd5 Qe6 1-0